| 000 | 00323nam a2200121Ia 4500 | ||
|---|---|---|---|
| 005 | 20251222154356.0 | ||
| 008 | 251222s9999||||xx |||||||||||||| ||spa|| | ||
| 020 | _a978-84-291-1862-9 | ||
| 082 | _a570.151.95/S65 | ||
| 100 | _a"Sokal, Robert R.Rohlf, James F." | ||
| 245 | 0 | _aIntroducción a la bioestadÃstica | |
| 942 | _cLIB | ||
| 999 |
_c35095 _d35095 |
||